01000 2200337 4500001002100000005001500021035002000036007000300056040001700059245008000076250001200156300002300168504003000191020001800221041000800239082000800247084001400255090002100269264006400290336002100354337003000375338002300405650001500428700004900443700004500492700004400537850001000581008004100591990001500632990001500647INLIS00000000000865220260518015352 a0010-1022000027ta aSBPUPADbind aObstetri dan Ginekologi Sosial :bBunga Rampai /cDjamhoer Martaadisoebrata a.-Cet.2 ax, 358 hlm ;c24cm aBibliografi, hlm. 357-358 a979-8150-19-807aind a618 a618 BUN o a618.2 JOA e 18-5 a.--Jakarta :bPt. Bina Pustaka Sarwono Prawirohardjo,c2011 2rdacontentateks 2rdamediaatanpa perantara 2rdacarrieravolume 4aGinekologi0 aEditor, Djamhoer MartaadisoebrataePengarang0 aEditor, Sulaiman SastrawinataePengarang0 aEditor, Abdul Bari SaifuddinePengarang aPUPAD260518 0  a191/B/2013 a192/B/2013